Southville International School and Colleges
Your cart is empty.
  • Cart
  • Lists
    Public lists list_1 View all
    Your lists Log in to create your own lists
  • Log in to your account
  • Your cookies
  • Search history
Southville International School and Colleges
  • Advanced search
  • Recent comments
  • Most popular
  • Libraries

Log in to your account

Log in with GOOGLE


If you do not have an external account, but do have a local account, you can still log in:

  1. Home
  2. MARC view: Mosaic 2 grammar /
Normal view MARC view ISBD view

Mosaic 2 grammar / (Record no. 283974)

[ view plain ]
MARC details
000 -LEADER
fixed length control field 01185cam a2200361 a 4500
001 - CONTROL NUMBER
control field 12730671
003 - CONTROL NUMBER IDENTIFIER
control field OSt
005 - DATE AND TIME OF LATEST TRANSACTION
control field 20150513162958.0
008 - FIXED-LENGTH DATA ELEMENTS--GENERAL INFORMATION
fixed length control field 020404s2002 nyua 001 0 eng
010 ## - LIBRARY OF CONGRESS CONTROL NUMBER
LC control number 2002279417
020 ## - INTERNATIONAL STANDARD BOOK NUMBER
International Standard Book Number 0071249907
020 ## - INTERNATIONAL STANDARD BOOK NUMBER
International Standard Book Number 0072329637
020 ## - INTERNATIONAL STANDARD BOOK NUMBER
International Standard Book Number 0072329637
040 ## - CATALOGING SOURCE
Original cataloging agency DLC
Transcribing agency DLC
Modifying agency DLC
050 00 - LIBRARY OF CONGRESS CALL NUMBER
Classification number PE 1128
Item number .W492 2002
082 00 - DEWEY DECIMAL CLASSIFICATION NUMBER
Classification number M 428.24
Item number M49 2002
100 1# - MAIN ENTRY--PERSONAL NAME
Personal name Werner, Patricia K.,
Dates associated with a name 1951-
245 10 - TITLE STATEMENT
Title Mosaic 2 grammar /
Statement of responsibility, etc Patricia K. Werner, John P. Nelson.
250 ## - EDITION STATEMENT
Edition statement 4th ed., International ed.
260 ## - PUBLICATION, DISTRIBUTION, ETC. (IMPRINT)
Place of publication, distribution, etc New York :
Name of publisher, distributor, etc McGraw-Hill Contemporary,
Date of publication, distribution, etc 2002.
300 ## - PHYSICAL DESCRIPTION
Extent ix, 421 pages :
Other physical details illustrations ;
Dimensions 26 cm.
500 ## - GENERAL NOTE
General note Includes appendix and index.
526 ## - STUDY PROGRAM INFORMATION NOTE
Reading level 1210L to 1700L
562 ## - COPY AND VERSION IDENTIFICATION NOTE
Number of copies for circulation. 2 copies available in the collection
650 #0 - SUBJECT ADDED ENTRY--TOPICAL TERM
Topical term or geographic name as entry element English language
Form subdivision Textbooks for foreign speakers.
650 #0 - SUBJECT ADDED ENTRY--TOPICAL TERM
Topical term or geographic name as entry element English language
General subdivision Grammar
Form subdivision Problems, exercises, etc.
700 1# - ADDED ENTRY--PERSONAL NAME
Personal name Nelson, John,
Dates associated with a name 1953-
906 ## - LOCAL DATA ELEMENT F, LDF (RLIN)
a 7
b cbc
c origcop
d 2
e ncip
f 20
g y-gencatlg
942 ## - ADDED ENTRY ELEMENTS (KOHA)
Source of classification or shelving scheme Library of Congress Classification
Koha item type Books
Holdings
Withdrawn status Lost status Source of classification or shelving scheme Damaged status Home library Current library Shelving location Date acquired Source of acquisition Total Checkouts Full call number Barcode Date last seen Price effective from Koha item type
    Library of Congress Classification   College Library College Library General Circulation Section 05/13/2015 Library Fund   PE 1128 .W492 2002 C19281 05/15/2018 05/13/2015 Books

Mosaic 2 grammar /

APA

Werner P. K., Nelson J., . (2002). Mosaic 2 grammar. New York: McGraw-Hill Contemporary.

Chicago

Werner Patricia K, Nelson John, . 2002. Mosaic 2 grammar. New York: McGraw-Hill Contemporary.

Harvard

Werner P. K., Nelson J., . (2002). Mosaic 2 grammar. New York: McGraw-Hill Contemporary.

MLA

Werner Patricia K, Nelson John, . Mosaic 2 grammar. New York: McGraw-Hill Contemporary. 2002.

  • Place hold
  • Print
  • Cite
  • Add to your cart (remove)
  • Save record
    BIBTEX Dublin Core MARCXML MARC (non-Unicode/MARC-8) MARC (Unicode/UTF-8) MARC (Unicode/UTF-8, Standard) MODS (XML) RIS
  • More searches
    Search for this title in:
    Other Libraries (WorldCat) Other Databases (Google Scholar) Online Stores (Bookfinder.com) Open Library (openlibrary.org)

Exporting to Dublin Core...

SOUTHVILLE LIBRARY

Southville International School and Colleges Library

1281 Tropical Ave. Cor. Luxembourg St., BF Homes International, Las Pinas City

Tel. No. 8256374 / 252358 Loc. 117/146

Powered by Koha